Tilastot visalle Tyynenmeren saarivaltiot

Klikkaa tästä pelataksesi tätä visaa!

Yleistilastot

  • Tätä visaa on pelattu 1 104 kertaa
  • Keskiarvotulos 16 / 19

Vastaustilastot

km2Valtio% Oikein
270 467Uusi-Seelanti
95%
1 904 569Indonesia
94%
21Nauru
92%
342 353Filippiinit
90%
377 930Japani
89%
462 840Papua-Uusi-Guinea
89%
181Marshallinsaaret
88%
28 896Salomonsaaret
88%
26Tuvalu
88%
18 272Fidži
87%
12 189Vanuatu
86%
702Mikronesia
85%
459Palau
85%
811Kiribati
84%
747Tonga
83%
2 842Samoa
82%
36 193Taiwan
82%
710Singapore
70%
5 765Brunei
65%

Tulosjakauma

Persentiili vastausten määrän mukaan

Jokaisen tuloksen saaneiden osuus

Tuloshistoriasi

Et ole pelannut tätä visaa